000 00458nam a2200217Ia 4500
003 IT-RoPAU
008 120407s9999 xx 000 0 und d
040 _aIT-RoPAU
040 _cIT-RoPAU
041 _aita
100 _aErnesto Preziosi
245 _aBreve profilo dell’azione cattolica italiana
250 _aRoma
260 _aAve
260 _c1984
300 _a118 p.
300 _c18 cm
490 _v1
942 _cBK
999 _c24632
_d24632